000 00745nam a22002297a 4500
003 UA-OsUOA
001 68939
007 ta
008 20100527b un ||||| |||| 00| 0 ukr d
090 _a340(100)(031)
_bП68
942 _cBK
040 _aUA-OsUOA
_brus
_cUA-OsUOA
_dUA-OsUOA
245 _aПравовые системы стран мира
_bЭнциклопедический справочник
_cСухарев А. Я.
300 _a840 с.
955 _a2
041 _arus
080 _a340(100)(031)
020 _a5-89123-450-5
260 _aМ.
_bНОРМА
_c2000
650 7 _a340 Право в цілому. Пропедевтика. Методи та допоміжні правничі науки
_2UDC
999 _c355174
_d355174